01091nam a2200193Ia 45000010005000000080041000052450292000462600147003383000020004855200195005055460011007006480012007116500024007236500019007476510009007669420007007759990015007829520100007976565260622s9999 xx 000 0 und d 0aمعابد عشتار القديمة في آشور/ cتأليف: فالتر أندريه، ترجمة: عبد الرزّاق كامل الحسن، مراجعة الترجمة: د. نوال خورشيد سعيد، المراجعة الأثرية: ميسر سعيد العراقي b المؤسسة العامة للآثار و التراث، وزارة الثقافة و العلام، الجمهورية العراق؛  a215p; c30x23cm aEarly Ishtar Temples in Ashur/ By Walter Andrae, Translated by Abdul Razzak K. Th. Al Hasan, Translation revision: Dr. Nawal Khurshid Saeed, Archaeological revision: Muyaser Sa'id Al Iraqi.  aArabic aAncient aCC1-960 Archaeology aPaganism99412 aIraq cBK c6565d6565 00102lcc40708CaSAFLbSAFLd2026-06-22l0oCC1-960 98.642p6565r2026-06-22w2026-06-22yBK